Problems of world disarmament ; a series of lectures delivered at the Johns Hopkins University /

Bibliographic Details
Corporate Author: Johns Hopkins University
Other Authors: Barker, Charles A. (Charles Albro), 1904-
Format: Book
Language:English
Published: Boston : Houghton Mifflin, [1963]
Subjects:

MARC

Tag First Indicator Second Indicator Subfields
LEADER 00000cam a2200000 4500
001 in00000074392
005 20151008052603.0
008 721201s1963 mau 00000 eng u
010 |a  63005426  
035 |a (OCoLC)00505867 
035 |9 AAH4012AM 
040 |c WSU  |d TXA  |d UtOrBLW 
049 |a TXAM  |c [367097] 
050 0 |a JX1974.7  |b .P75 
092 |a 341.67  |b P962b 
245 0 0 |a Problems of world disarmament ;  |b a series of lectures delivered at the Johns Hopkins University /  |c Coordinated by Charles A. Barker. 
264 1 |a Boston :  |b Houghton Mifflin,  |c [1963] 
300 |a 170 pages 
336 |a text  |b txt  |2 rdacontent 
337 |a unmediated  |b n  |2 rdamedia 
338 |a volume  |b nc  |2 rdacarrier 
650 0 |a Nuclear disarmament. 
700 1 |a Barker, Charles A.  |q (Charles Albro),  |d 1904- 
710 2 |a Johns Hopkins University. 
999 |a MARS 
999 f f |s 3ea0faa4-d903-39ea-b497-903bdbc118b5  |i 96628853-2671-3551-a8ba-adae9bcb584b  |t 0 
952 f f |p ric  |a Texas A&M University  |b Rellis Campus  |c Joint Library Facility  |d Remote Storage  |t 0  |e JX1974.7 .P75  |h Library of Congress classification  |i unmediated -- volume  |m A14800785445 
998 f f |a JX1974.7 .P75  |t 0  |l Remote Storage